| 000 | 00782nab a2200229u 4500 | ||
|---|---|---|---|
| 001 | 22883 | ||
| 003 | HDC | ||
| 007 | c| |||a|c|aaaa | ||
| 008 | 210310b20100811my ||||o |||| 00| 0 eng d | ||
| 040 | _aHDC | ||
| 100 |
_aPerrine MOUTERDE / _eauthor _919620 |
||
| 245 | 0 |
_aFrance: In the run-up to Ramadan, halal advertising reaches fever pitch / _cPerrine MOUTERDE |
|
| 336 |
_atext _2rdacontent |
||
| 337 |
_acomputer _2rdamedia |
||
| 338 |
_aonline resource _2rdacarrier |
||
| 650 |
_ahalal food _950 |
||
| 650 |
_aPanzani food group _919621 |
||
| 856 | _zRequest full-text at [email protected] | ||
| 942 | _2lcc | ||
| 942 | _cNEWS | ||
| 942 | _kNWS0 005065 | ||
| 999 |
_c20199 _d20199 |
||